Užívání nelegálních drog mezi dospívajícími v ČR: současné trendy ve vývoji situace
Užívanie návykových látok v období dospievania prináša rad rizík v oblasti zdravia a sociálneho vývoja jednotlivca a súčasne zvyšuje výskyt negatívnych zdravotných a sociálnych dôsledkov v dospelosti. Európska školská štúdia o alkohole a iných drogách (ESPAD). Prehľad o situácii v oblasti užívania n...
Salvato in:
| Autore principale: | |
|---|---|
| Altri autori: | , |
| Natura: | Capitolo di libro |
| Lingua: | ceco |
| Soggetti: | |
| Tags: |
Nessun Tag, puoi essere il primo ad aggiungerne!!
|
MARC
| LEADER | 00000naa a2200000 4500 | ||
|---|---|---|---|
| 001 | 0259781 | ||
| 005 | 20191120125724.8 | ||
| 041 | 0 | |a cze | |
| 044 | |a CZ | ||
| 245 | 1 | 0 | |a Užívání nelegálních drog mezi dospívajícími v ČR: současné trendy ve vývoji situace |c Pavla Chomynová, Kateřina Grohmannová, Viktor Mravčík |
| 520 | |a Užívanie návykových látok v období dospievania prináša rad rizík v oblasti zdravia a sociálneho vývoja jednotlivca a súčasne zvyšuje výskyt negatívnych zdravotných a sociálnych dôsledkov v dospelosti. Európska školská štúdia o alkohole a iných drogách (ESPAD). Prehľad o situácii v oblasti užívania nelegálnych drog medzi dospievajúcimi v ČR na základe výsledkov štúdie ESPAD (2015). | ||
| 610 | 2 | 0 | |a drogy |
| 610 | 2 | 0 | |a mládež |
| 610 | 2 | 0 | |a mladiství |
| 610 | 2 | 0 | |a štúdie |
| 610 | 2 | 0 | |a Európa |
| 610 | 2 | 0 | |a Česko |
| 100 | 1 | |a Chomynová, Pavla | |
| 700 | 1 | |a Grohmannová, Kateřina | |
| 700 | 1 | |a Mravčík, Viktor | |